Statistics for American Islands

Click here to take the quiz!

General Stats

  • This quiz has been taken 11,995 times
    (7,611 since last reset)
  • The average score is 13 of 22

Answer Stats

Clue Island % Correct
Smallest, most densely populated
borough of New York
Manhattan
92%
Prison island in San Francisco BayAlcatraz
92%
Spanish for "rich port"Puerto Rico
87%
Brooklyn and Queens help to make
this island the most populous in the U.S.
Long
81%
Honolulu's islandO'ahu
80%
Millions of immigrants came through
this New York island
Ellis
79%
Largest island in the United States.
Appropriately known as "The Big Island"
Hawai'i
77%
Least populous borough of New YorkStaten Island
76%
Florida's southernmost inhabited islandKey West
73%
"There once was a man from..."Nantucket
60%
Small island with prominent
New York landmark
Liberty
58%
Hagåtña is this territory's capitalGuam
55%
Home to Haleakala National ParkMaui
50%
Site of a minor nuclear accident in 1979Three Mile Island
48%
This Alaskan island shares its name
with a subspecies of bear
Kodiak
41%
Resort city in South Carolina,
near Savannah
{Hilton} Head
39%
The Kennedy family vacationed on this
Massachusetts island
Martha's Vineyard
39%
Hawaii's "Garden Isle"Kaua'i
32%
This Texas barrier island was devastated
by a hurricane in 1900
Galveston
31%
Located about 20 miles south of L.A.Santa Catalina
28%
Cars aren't allowed on this island
between Michigan's two peninsulas
Mackinac Island
26%
National Park in Lake SuperiorIsle Royale
15%

Score Distribution

Percentile by Number Answered

Percent of People with Each Score

Your Score History

You have not taken this quiz since the last reset